| 000 | 00934 a2200253 4500 | ||
|---|---|---|---|
| 020 | _a067231410X | ||
| 020 | _a9780672314100 | ||
| 082 | 0 | 4 | _a005.4469 |
| 090 |
_c3974 _d3974 |
||
| 100 | 1 | _aPitts, David. | |
| 245 | 1 | 0 |
_aRed hat linux unleashed / _cDavid Pitts. |
| 250 | _a3rd ed. | ||
| 260 |
_a[S.l.] : _bSams, _c1998. |
||
| 300 |
_a1020 p. ; _c24 cm. |
||
| 490 | 1 | _aV 5.2. | |
| 500 | _aPaperback. | ||
| 520 | _aLearn how to install, configure, and manage the latest version of Red Hat operating system 5.1. The CD-ROM features the latest version of Red Hat Linux, system administration tools, and development tools. | ||
| 700 | 1 | _aBall, Bill. | |
| 700 | 1 | _aHorvath, David. | |
| 830 | 0 | _aV 5.2. | |
| 856 | 4 | 0 |
_3Amazon.com _uhttp://www.amazon.com/exec/obidos/ASIN/067231410X/chopaconline-20 |
| 856 | 4 | 0 |
_3Amazon customer reviews _uhttp://www.chopac.org/cgi-bin/tools/azrev.pl?q=067231410X |
| 942 |
_aNBS _cBK _k005.4069 DAV |
||
| 999 |
_c346434 _d346434 |
||